Asian Countries by their Natives Languages - Statistics

General Stats
  • This quiz has been taken 139 times
    73 since last reset
  • The average score is 31 of 46
Answer Stats
Native Name English Name % Correct
Pilipinas Philippines
96%
Türkmenistan Turkmenistan
96%
日本 Japan
94%
Azərbaycan Azerbaijan
92%
Singapura新加坡 சிங்கப்பூர் Singapore
91%
Türkiye Turkey
91%
Việt Nam Vietnam
91%
Timór Lorosa'e East Timor
89%
Қазақстан Kazakhstan
89%
O'zbekiston Uzbekistan
89%
中国 China
85%
대한민국 South Korea
83%
북한 North Korea
81%
Монгол Mongolia
77%
Точикистон Tajikistan
77%
ישראל Israel
75%
Кыргызстан Kyrgyzstan
75%
المملكة العربية السعودية Saudi Arabia
72%
འབྲུག་ཡུལ་ Bhutan
70%
ประเทศไทย Thailand
70%
भारत India
68%
ΚύπροςKıbrıs Cyprus
66%
الإمارات العربية المتحدة United Arab Emirates
66%
বাংলাদেশ Bangladesh
64%
ປະເທດລາວ Laos
62%
دولة قطر Qatar
60%
ශ්රී ලංකාවஇலங்கை Sri Lanka
60%
საქართველოს Georgia
58%
नेपाल Nepal
58%
ایران Iran
57%
العراق Iraq
57%
ދިވެހިރާއްޖެ Maldives
57%
မြန်မာ Myanmar
57%
سوريا Syria
55%
Հայաստան Armenia
53%
កម្ពុជា។ Cambodia
53%
اليمن Yemen
53%
الكويت Kuwait
51%
البحرين Bahrain
49%
الأردن Jordan
47%
پاکستان Pakistan
47%
سلطنة عمان Oman
45%
لبنان Lebanon
38%
افغانستان Afghanistan
36%
فلسطين Palestine
30%
فِلَسْطِينَ‎ Palestine
26%
No matching quizzes found
Score Distribution
Percent of People with Each Score
Percentile by Number Answered
Your Score History
You have not taken this quiz since the last reset